| 000 | 00653nam a22001937a 4500 | ||
|---|---|---|---|
| 003 | MX-MxUPN | ||
| 005 | 20250312063753.0 | ||
| 008 | 250311s1981 cu| |||gr|||| 000 0 spa d | ||
| 040 |
_aMX-MxUPN _bspa |
||
| 041 | 0 | _aspa | |
| 050 | 4 |
_aNX770 C9 _bP37 1980 |
|
| 110 | 2 |
_aPartido Comunista de Cuba. _bCongreso _n(2° : _d1980 : _cLa Habana, Cuba) _955889 |
|
| 245 | 1 | 0 |
_aPolítica cultural de la revolución cubana : _bdocumentos del II congreso del PCC |
| 260 |
_aLa Habana : _bEditorial de Ciencias Sociales, _c1981 |
||
| 300 | _a90 páginas | ||
| 651 | 2 |
_aCuba _xPolítica cultural _912332 |
|
| 902 | _aVíctorGodínez/110325 | ||
| 942 |
_2lcc _cLIBRO |
||
| 999 |
_c212824 _d212824 |
||